000 00565nam a2200193 i 4500
001 33710
003 ES-MaACL
005 20250712031707.0
007 t|
008 030203s1970 sp ||||1| spa d
100 1 _aBiagi, Enzo.
_928734
245 1 3 _aEl hombre no debe morir /
_cEnzo Biagi ; [traducción: Fernando Gutiérrez].
250 _a[1ª ed.].
260 _aBarcelona, etc. :
_bNoguer,
_c1970.
300 _a214 p. ;
_c22 cm.
700 1 _aGutiérrez, Fernando,
_d1911-1984
_9156260
852 _aES-MaACL
_jC-38412
_bR.73007
999 _c33710
_d33710